- Evolución (Biología)
Entry Materia
001 - NÚMERO DE CONTROL DEL REGISTRO
- campo de control: 12397
003 - IDENTIFICADOR DE NUMERO DE CONTROL
- campo de control: DLC
005 - FECHA Y HORA DE LA ÚLTIMA TRANSACCIÓN
- campo de control: 20241022090115.0
008 - DATOS DE LONGITUD FIJA
- campo de control de longitud fija: 241022n||accnnbabn n ana |d
010 ## - NÚMERO DE CONTROL DE LA BIBLIOTECA DEL CONGRESO (LC)
- LC control number: h 90004042
035 ## - NÚMERO DE CONTROL DEL SISTEMA
- Número de control del sistema: UPN10000012404
035 ## - NÚMERO DE CONTROL DEL SISTEMA
- Número de control del sistema: (DLC)sh 90004042
035 ## - NÚMERO DE CONTROL DEL SISTEMA
- Número de control del sistema: (DLC)6769679
035 ## - NÚMERO DE CONTROL DEL SISTEMA
- Número de control del sistema: (DLC)sp 90004042
035 ## - NÚMERO DE CONTROL DEL SISTEMA
- Número de control del sistema: (DLC)459657
040 ## - FUENTE DE LA CATALOGACIÓN
- Lengua de catalogación: spa
- Agencia de transcripción: DLC
- Centro catalogador de origen: DLC
- Agencia de modificación: DLC
- Agencia de modificación: WaU
- Agencia de modificación: MX-MxUPN
053 #4 - NÚMERO CLASIFICADOR - BIBLIOTECA DEL CONGRESO (LC)
- Elemento numérico de la clasificación - Número único o no. inicial del rango: QH359
- Elemento numérico de la clasificación - Número único o no. final del rango: QH425
150 ## - ENCABEZAMIENTO - TEMÁTICO
- Término de materia o nombre geográfico como elemento inicial: Evolución (Biología)
360 ## - REFERENCIA COMPLEJA DE VÉASE ADEMÁS - MATERIA
- Texto explicativo: la subdivisión
- Encabezamiento al que se remite: Evolución
- Texto explicativo: bajo animales y grupos de animales y bajo órganos específicos y partes del cuerpo, por ejemplo
- Encabezamiento al que se remite: Ganado vacuno--Evolución; Peces--Evolución; Corazón--Evolución
670 ## - FUENTE EN LA QUE SE LOCALIZARON DATOS
- Cita de la fuente: Autoridades LC, 22 octubre 2024 :
- Información localizada: (Evolution (Biology))
- Enlace: https://lccn.loc.gov/sh90004042
680 ## - NOTA GENERAL CON DESPLIEGUE PÚBLICO
- Texto explicativo: Aquí se asientan las obras sobre evolución biológica. Las obras sobre el concepto general de la evolución se asienta bajo
- Encabezamiento: Evolución
902 ## - CATALOGADOR
- Catalogador: MCM/270405
- Catalogador: MaríaRobles/221024
